000 00334nam a22001337a 4500
008 171002b xxu||||| |||| 00| 0 eng d
020 _a9780192627254
041 _aeng
080 _a159.9
100 _a48
101 _a PSI
245 _aOF SCIENCE AND PRACTICE COGNITIVE BEHAVIOR THERAPY
_cCLARK.D.M
942 _2udc
_cBK
999 _c31191
_d31191